Language Quiz

Random Language Quiz

Palindromic Sentences Quiz Stats

 Plays Quiz not verified by Sporcle

Challenge
Share
Tweet
Embed
Score 0/30 Timer 05:00
0 Plays Today
Sentence Missing Word % Correct
______ and Edna sinned.Dennis
97%
A man, a plan, a canal -- ______.Panama
89.9%
No ______, no melon.lemons
85.9%
___ and Edna tap.Pat
80.8%
_____, did I moan?Naomi
78.8%
Sh! Tom sees _____.moths
75.8%
Was it a ___ I saw?rat
75.8%
Drab as a fool, as _____ as a bard.aloof
69.7%
I tip away a ______.wapiti
51.5%
Too ___ I hid a boot.bad
37.4%
A ______.Toyota
33.3%
Go hang a ______, I'm a lasagna hog.salami
33.3%
Poor ___ is in a droopDan
28.3%
Yo bro, ____ beer for boy.free
27.3%
No, sir, ____; a papaya war is on!away
27.3%
Sentence Missing Word % Correct
Keep ___ asleep. Eek!eels
27.3%
Oozy ___ in a sanitary zoo.rat
26.3%
Dennis ,Nell, ____, Leon, Nedra, Arden, Noel, and Ellen sinned.Edna
26.3%
I roamed _____ it as a tired, nude Maori.under
24.2%
Was it a ___ or a cat I saw?car
20.2%
Murder ___ a jar of red rum.for
19.2%
Paget saw an _____ tooth, Sir, in a waste gapIrish
16.2%
Ten _______ slam in a net animal
16.2%
Now sir, a war __ never even sir, a war is won. is
13.1%
Mr. Owl ate my _____ wormmetal
11.1%
Now, Ned, I am a _____ nun; Ned, I am a maiden won.maiden
11.1%
Degas, are we not drawn onward, we freer few, _____ onward to new eras aged?drawn
11.1%
We repaid a no name Pacific ape ___ on a diaper, ew!man
10.1%
Anne, I vote more cars race ____ to Vienna Rome
8.1%
___________ (the fear of palindromes)Aibohphobia
4%

You're not logged in!

Compare scores with friends on all Sporcle quizzes.
Join for Free
OR
Log In

You Might Also Like...

Show Comments

Extras

Top Quizzes Today


Score Distribution

Your Account Isn't Verified!

In order to create a playlist on Sporcle, you need to verify the email address you used during registration. Go to your Sporcle Settings to finish the process.

Report this User

Report this user for behavior that violates our Community Guidelines.

Details: